Loading...
| History - American | 0 | 5 | 0 | 0 | 50 | 20 | 45.80 | 3 | 4 | 31.58 | 44.17 |
| Mythology | 0 | 5 | 0 | 3 | 50 | 104 | 122.20 | 0 | 0 | 0.16 | 7.11 |
| History - Other | 0 | 3 | 0 | 3 | 30 | 122 | 128.67 | 0 | 0 | 0.00 | 3.33 |
| Current Events | 0 | 2 | 0 | 1 | 20 | 52 | 86.00 | 0 | 0 | 19.79 | 16.11 |
| Popular Culture | 0 | 2 | 0 | 1 | 20 | 137 | 140.00 | 0 | 0 | 0.24 | 20.00 |
| History - European | 0 | 2 | 0 | 1 | 20 | 112 | 119.00 | 0 | 0 | 1.25 | 2.67 |
| Fine Arts - Other | 0 | 2 | 0 | 1 | 20 | 57 | 93.50 | 0 | 1 | 6.10 | 10.50 |
| Social Science | 0 | 1 | 0 | 0 | 10 | 68 | 68.00 | 0 | 0 | 3.58 | 0.83 |
| Literature - World | 0 | 1 | 0 | 1 | 10 | 121 | 121.00 | 0 | 0 | 0.24 | 2.50 |
| Other Academic | 0 | 1 | 0 | 0 | 10 | 117 | 117.00 | 0 | 0 | 0.42 | 10.00 |
| Philosophy | 0 | 1 | 0 | 1 | 10 | 115 | 115.00 | 0 | 0 | 0.00 | 0.83 |
| Religion | 0 | 1 | 0 | 1 | 10 | 105 | 105.00 | 0 | 0 | 0.00 | 0.83 |
| Literature - American | 0 | 1 | 1 | 0 | 5 | 107 | 107.00 | 0 | 1 | 2.36 | 7.00 |
| History - World | 0 | 1 | 1 | 0 | 5 | 89 | 89.00 | 0 | 0 | 2.88 | 4.17 |
| Fine Arts - Painting and Sculpture | 0 | 1 | 1 | 0 | 5 | 82 | 82.00 | 0 | 0 | 3.05 | 4.00 |